| 000 | 00693nam a2200217 4500 | ||
|---|---|---|---|
| 001 | 143397 | ||
| 003 | ES-MaACL | ||
| 005 | 20240208205219.0 | ||
| 007 | t| | ||
| 008 | 070214s1978 sp r ||||1| spa d | ||
| 100 | 1 |
_aSerrano-Plaja, Arturo. _9105788 |
|
| 245 | 1 | 3 |
_aEl hombre y el trabajo _b: poesía / _cArturo Serrano-Plaja ; introducción y notas, Francisco Caudet. |
| 250 | _aEd. facs. | ||
| 260 |
_aMadrid : _bEd. de la Torre, _c1978 ( _fHijos de E. Minuesa) |
||
| 300 |
_aLXXIX, 175 p. ; _c18 cm. |
||
| 655 | 7 |
_2tgfbne _9226495 _aFacsímiles |
|
| 700 | 1 |
_aCaudet, Francisco, _d1942-2021 _937104 |
|
| 852 |
_aES-MaACL _jA-8643 _bR.97579 |
||
| 942 | _2udc | ||
| 999 |
_c143397 _d143397 |
||